| 000 | 00591nam a2200193Ia 4500 | ||
|---|---|---|---|
| 999 |
_c7124 _d7124 |
||
| 020 | _a9788130912257 | ||
| 082 | _a364.1323 CRE-C | ||
| 100 | _aCremer, Georg | ||
| 245 | 0 | _aCorruption and development aid: confronting the challenges | |
| 260 |
_aNew Delhi _bViva Books _c2010 |
||
| 300 | _axiv, 169 | ||
| 504 | _aincludes bibliography and index | ||
| 650 |
_aEconomic development projects _vCorrupt practices |
||
| 650 | _aPolitical corruption | ||
| 650 |
_aPublic officers _vCorrupt practices |
||
| 650 | _aCorruption | ||
| 650 |
_aDevelopment projects _vCorrupt practices |
||
| 942 | _cBK | ||